Lý luận về tôn giáo và chính sách tôn giáo ở Việt Nam Tài liệu tham khảo
Giới thiệu chủ nghĩa Mác -Lênin về tôn giáo; tư tưởng Hồ Chí Minh về tín ngưỡng, tôn giáo; trình bày tôn giáo trên thế giới và một số đặc điểm tôn giáo ở Việt Nam
Đã lưu trong:
| Tác giả chính: | |
|---|---|
| Định dạng: | Sách |
| Năm xuất bản: |
H.
Tôn giáo
2007
|
| Chủ đề: | |
| Tags: |
Thêm thẻ
Không có thẻ, Hãy là người đầu tiên gắn thẻ bản ghi này!
|
| LEADER | 00857nam a2200169 4500 | ||
|---|---|---|---|
| 082 | |a 200.9597 |b NG527Đ | ||
| 100 | |a Nguyễn Đức Lữ | ||
| 245 | |a Lý luận về tôn giáo và chính sách tôn giáo ở Việt Nam |c Nguyễn Đức Lữ |b Tài liệu tham khảo | ||
| 260 | |a H. |b Tôn giáo |c 2007 | ||
| 300 | |a 400 tr. |c 21 cm. | ||
| 520 | |a Giới thiệu chủ nghĩa Mác -Lênin về tôn giáo; tư tưởng Hồ Chí Minh về tín ngưỡng, tôn giáo; trình bày tôn giáo trên thế giới và một số đặc điểm tôn giáo ở Việt Nam | ||
| 653 | |a Tôn giáo | ||
| 653 | |a Việt Nam | ||
| 653 | |a Lý luận | ||
| 942 | |2 ddc |c SH | ||
| 999 | |c 8935 |d 8935 | ||
| 952 | |0 0 |1 0 |2 ddc |4 0 |6 200_959700000000000_NG527Đ |7 0 |8 200 |9 73577 |a qbu |b qbu |c D2 |d 2015-05-04 |g 75000 |o 200.9597 NG527Đ |p 8484.c1 |r 0000-00-00 |w 2015-05-04 |y SH |0 0 |6 200_959700000000000_NG527Đ | ||